01366nam a2200313 a 4500001001000000003000900010005001700019007001000036008003300046040002500079082002300104092001500127100002300142245011000165246002200275260006700297300002700364590002600391650006300417650006900480700003900549710004200588910004100630942001200671952012300683952012700806952010400933999001501037000045574DO-SdBPM20250212092532.0000045574150415s20uu dr a 000 0 spa d aDO-SdBPMbspacBPMSU 4a323.4 bB699n 222 axxxxbxxxx1 aBonasso, Alejandro14aLos niños, las niñas y sus derechos en familia /cAlejandro Bonasso ; ilustraciones Verónica Leite.14a ¿Somos familia! aSanto Domingo :bInstituto Interamericano del Niñoc [200-?] a23 p. :bil. ;c23 cm. aInventariado, 2025/VM 4aDerechos del niño zRepública Dominicana vProgramas.  4aTrabajo social con niñoszRepública Dominicana vProgramas. 1 aLeite, Verónica,eilustraciones 2 3Instituto Latinoamericano del Niño  aVMateo V. Control de calidad. BPMSU  2ddccBK 00102ddc40708CI-DaBPMETbBPMETd2015-05-14l0oBPMSU CDI 323.4 B699n pBPMSU15051704r2015-05-14w2015-05-14yBK 00102ddc40708CI-DaBPMETbBPMETd2015-05-14l0oBPMSU CDI 323.4 B699npBPMSU15051705r2015-05-14t e.2w2015-05-14yBK 00102ddc40708CI-DaBPMETbBPMETd2015-05-14l0pBPMSU15051706r2015-05-14te. 3w2015-05-14yBK c7873d7873